000 00652nam a2200241Ia 4500
003 OSt
005 20220924114540.0
006 a|||||r|||| 00| 0
007 ta
008 220923b |||||||| |||| 00| 0 ara d
024 _a334786
037 _cTextual
040 _aARTS
_cARTS
_bara
041 _2ara
_aara
082 _aO28v677, E2
100 _aAl-Yasumi Luis Shekhu Au.
_9174191
245 0 _aMajani-al-adab
260 _aBeirut
_bMajlis-i-ma'arif Lebanon
_c1912
300 _a320p.
_ccm.
650 _aARABIC POETRY
942 _hO28v677, E2
_cTEXL
_2CC
999 _c394140
_d394140